000 00280nam a2200097 4500
008 240223b |||||||| |||| 00| 0 eng d
245 _aSouth Asia bulletin-Vol. X no. 1 (1990)
246 _aCritical perspectives on class, caste and state in South Asia
260 _c1990
942 _cCR
999 _c4812
_d4812